000 01200cad a22002895a 4500
001 E151386
008 101101s2008 xxk f 100 0 eng d
020 _a9781842194348
035 _a(Sirsi) u151386
041 0 _aeng
100 1 _aWeidner, Silke
111 2 _aConstruction and Building Research Conference
_cDublin Institute of Technology, Dublin
_d4-5 September 2008
245 0 0 _aInner city shopping centres and their impact on urban environment from the view of local authorities
_h[electronic resource]
260 _aLondon
_bRICS
_c2008
520 _aA paper presented at the COBRA Conference 2008 in Dublin.
590 _aKA
650 2 4 _aCONSTRUCTION AND BUILDING RESEARCH CONFERENCE (COBRA)
651 4 _aGermany
_y1990-
690 _aPROPERTY-COMMERCIAL PROPERTY-RETAIL PROPERTY-SHOPPING CENTRE, MALL AND ARCADE PROPERTY-SHOPPING CENTRES, MALLS AND ARCADES
700 1 _aKorzer, Tanja
700 1 _aMuller, Marit
700 1 _aSchulte, Karl-Werner
700 1 _aForster-Kraus, Stefanie
700 1 _aWittig, Silke
856 4 0 _uhttps://www.rics.org/site/scripts/download_info.aspx?fileID=3274&categoryID=525
_zView the item free of charge at www.rics.org
942 _n0
999 _c111328
_d111328